000 00550nam a22001697a 4500
005 20251108164055.0
008 250721s1996 xx 000 0 ara d
082 1 4 _a347.75/كوم
100 1 _aكوماني، لطيف جبر
245 1 0 _aالقانون البحري :
_bالسفينه - أشخاص الملاحه - النقل ... /
264 1 _aعمان :
_bمكتبة دار الثقافه،
_c1996.
300 _a294ص
650 1 7 _aالقانون البحري
650 1 7 _aالقانون التجاري
942 _2ddc
_cBK
999 _c2927
_d2927